Religion Quiz

Random Religion or Book Quiz

Books of the Old Testament (Roman Catholic) Quiz Stats

 Plays Quiz Updated Jul 16, 2015

Challenge
Share
Tweet
Embed
Score 0/46 Timer 10:00
3 Plays Today
% Correct
Genesis
96.4%
Exodus
93.4%
Numbers
88.9%
Leviticus
88.5%
Deuteronomy
88%
Psalms
83.5%
Ruth
83.4%
Job
81.4%
1 Kings
74.5%
2 Kings
74.5%
Judges
71.5%
Proverbs
71%
Joshua
70.4%
Isaiah
69.8%
Esther
69.2%
1 Samuel
66.4%
2 Samuel
66.4%
Daniel
66.1%
Ezekiel
65.5%
Song of Songs
64.5%
1 Chronicles
62.6%
Jeremiah
62.5%
Ezra
62.5%
% Correct
2 Chronicles
62.4%
Jonah
61.2%
Ecclesiastes
56.5%
Amos
54.7%
Nehemiah
54.5%
Malachi
53.2%
Lamentations
52.5%
Zechariah
52%
Hosea
51.4%
Micah
50.7%
Obadiah
50.7%
Joel
48.5%
Habakkuk
48%
Zephaniah
45%
Haggai
44.2%
Nahum
43.1%
1 Maccabees
36.9%
2 Maccabees
36.9%
Wisdom of Solomon
35.8%
Tobit
33.9%
Judith
33.7%
Ecclesiasticus
29.6%
Baruch
25.2%

You're not logged in!

Compare scores with friends on all Sporcle quizzes.
Join for Free
OR
Log In

You Might Also Like...

Show Comments

Extras

Top Quizzes Today


Score Distribution

Your Account Isn't Verified!

In order to create a playlist on Sporcle, you need to verify the email address you used during registration. Go to your Sporcle Settings to finish the process.

Report this User

Report this user for behavior that violates our Community Guidelines.

Details: